000 00692nam a2200253Ia 4500
003 OSt
005 20221007081830.0
006 a|||||r|||| 00| 0
007 ta
008 221006b |||||||| |||| 00| 0 eng d
020 _a9781849460569
024 _a45,542
037 _cTextual
040 _aFLL
_cFLL
_beng
041 _2eng
_aeng
082 _aY:45:(Z), Q7
100 _aO'MAHONY David
_9698153
245 0 _aReimagining restorative justice
260 _aPortland
_bHart Publishing USA
_c2017
300 _aix,256p.
_ccm.
700 _a DOAK Jonathan
_9698154
942 _hY:45:(Z), Q7
_cTEXL
_2CC
999 _c1164420
_d1164420